Castilla y León en América: cartografía histórica
Αποθηκεύτηκε σε:
| Κύριος συγγραφέας: | |
|---|---|
| Μορφή: | Βιβλίο |
| Γλώσσα: | Ισπανικά |
| Έκδοση: |
Valladolid
Junta de Castilla y León
1991
|
| Θέματα: | |
| Ετικέτες: |
Προσθήκη ετικέτας
Δεν υπάρχουν, Καταχωρήστε ετικέτα πρώτοι!
|
MARC
| LEADER | 00000nam a2200000 a 4500 | ||
|---|---|---|---|
| 001 | UCL6619 | ||
| 003 | CL-VaPUC | ||
| 008 | 040416e19910000SP |||||||||||||||||spa|d | ||
| 020 | |a 8486770475 | ||
| 082 | 0 | 4 | |a 912.8 |b SAN |2 21 |
| 100 | 0 | |a Sánchez Zurro, Domingo |e author |9 484228 | |
| 245 | 1 | 0 | |a Castilla y León en América: cartografía histórica |
| 300 | |a 277 p | ||
| 942 | |c BK | ||
| 945 | |d 20040416 00:00:00 |a cmena | ||
| 260 | |a Valladolid |b Junta de Castilla y León |c 1991 | ||
| 650 | 7 | |a GEOGRAFIA DE AMERICA |2 CL-VaPUC |9 446248 | |
| 650 | 0 | |a Cartografía |9 266055 | |
| 650 | 0 | |a Historia de América |9 266076 | |
| 650 | 0 | |a Ciudades |9 265474 | |
| 651 | 0 | |a España |9 254926 | |
| 651 | 0 | |a América |9 255182 | |
| 583 | |a last modification |c 20040416 00:00:00 |k Rodrigo Vera | ||
| 999 | |c 308613 |d 308611 | ||
| 952 | |0 0 |1 0 |4 0 |6 912_800000000000000_SAN_1991 |7 0 |8 DER_HDC |9 375259 |a BIBDER |b BIBDER |d 2019-11-21 |i 3847411 |o 912.8 SAN 1991 |p 3847411 |r 2023-01-25 |w 2019-11-21 |x Ubicación 4to Piso |y BK |z Estos recursos deben solicitarse con anticipación |k DER | ||